<?xml version="1.0" encoding="UTF-8"?>
<record
    xmlns:xsi="http://www.w3.org/2001/XMLSchema-instance"
    xsi:schemaLocation="http://www.loc.gov/MARC21/slim http://www.loc.gov/standards/marcxml/schema/MARC21slim.xsd"
    xmlns="http://www.loc.gov/MARC21/slim">

  <leader>01055nam a2200265   4500</leader>
  <controlfield tag="001">113828</controlfield>
  <controlfield tag="003">DR-UNIBE</controlfield>
  <controlfield tag="005">20250703153027.0</controlfield>
  <controlfield tag="008">250703b2019    sp ||||| |||| 00| 0 spa d</controlfield>
  <datafield tag="020" ind1=" " ind2=" ">
    <subfield code="a">9788491130079</subfield>
  </datafield>
  <datafield tag="040" ind1=" " ind2=" ">
    <subfield code="a">BIBLIOTECA UNIBE</subfield>
    <subfield code="c">BIBLIOTECA UNIBE</subfield>
    <subfield code="e">rda</subfield>
  </datafield>
  <datafield tag="041" ind1=" " ind2=" ">
    <subfield code="a">spa</subfield>
  </datafield>
  <datafield tag="082" ind1=" " ind2=" ">
    <subfield code="a">610.72 A692m 2019</subfield>
  </datafield>
  <datafield tag="100" ind1=" " ind2=" ">
    <subfield code="a">Argim&#xF3;n Pall&#xE1;s,  Jos&#xE9; M. </subfield>
    <subfield code="e">autor</subfield>
    <subfield code="9">197028</subfield>
  </datafield>
  <datafield tag="245" ind1=" " ind2=" ">
    <subfield code="a">M&#xE9;todos de investigaci&#xF3;n cl&#xED;nica y epidemiol&#xF3;gica /</subfield>
    <subfield code="c">Jos&#xE9; M. Argim&#xF3;n Pall&#xE1;s, Jos&#xE9; Jim&#xE9;nez Villa</subfield>
  </datafield>
  <datafield tag="250" ind1=" " ind2=" ">
    <subfield code="a">Quinta edici&#xF3;n</subfield>
  </datafield>
  <datafield tag="260" ind1=" " ind2=" ">
    <subfield code="a">Barcelona :</subfield>
    <subfield code="b">Elsevier, </subfield>
    <subfield code="c">2019</subfield>
  </datafield>
  <datafield tag="300" ind1=" " ind2=" ">
    <subfield code="a">xix, 469 p&#xE1;ginas</subfield>
  </datafield>
  <datafield tag="505" ind1=" " ind2=" ">
    <subfield code="a">Parte I. Principios generales de una investigaci&#xF3;n  |
Parte II. Tipos de estudios |
Parte III. Elaboraci&#xF3;n del protocolo de estudio  |
Parte IV Interpretaci&#xF3;n de resultados |
Parte V. Publicaci&#xF3;n |</subfield>
  </datafield>
  <datafield tag="650" ind1=" " ind2="7">
    <subfield code="a">Medicina cl&#xED;nica </subfield>
  </datafield>
  <datafield tag="650" ind1=" " ind2="7">
    <subfield code="a">Investigaci&#xF3;n </subfield>
    <subfield code="x">Metodolog&#xED;a </subfield>
    <subfield code="9">12901</subfield>
  </datafield>
  <datafield tag="650" ind1=" " ind2="7">
    <subfield code="a">Epidemiolog&#xED;a</subfield>
    <subfield code="x">Metodolog&#xED;a </subfield>
    <subfield code="9">197034</subfield>
  </datafield>
  <datafield tag="700" ind1=" " ind2=" ">
    <subfield code="a">Jim&#xE9;nez Villa, Jos&#xE9; </subfield>
    <subfield code="e">autor</subfield>
    <subfield code="9">197030</subfield>
  </datafield>
  <datafield tag="942" ind1=" " ind2=" ">
    <subfield code="2">ddc</subfield>
    <subfield code="c">BK</subfield>
  </datafield>
  <datafield tag="999" ind1=" " ind2=" ">
    <subfield code="c">113828</subfield>
    <subfield code="d">113828</subfield>
  </datafield>
  <datafield tag="952" ind1=" " ind2=" ">
    <subfield code="0">0</subfield>
    <subfield code="1">0</subfield>
    <subfield code="2">ddc</subfield>
    <subfield code="7">0</subfield>
    <subfield code="8">GEN</subfield>
    <subfield code="a">Principal</subfield>
    <subfield code="d">2025-07-03</subfield>
    <subfield code="l">2</subfield>
    <subfield code="o">610.72 A692m 2019</subfield>
    <subfield code="p">250762</subfield>
    <subfield code="r">2026-02-04 19:23:31</subfield>
    <subfield code="s">2026-02-04</subfield>
    <subfield code="t">Ej. 1</subfield>
    <subfield code="w">2025-07-03</subfield>
    <subfield code="y">BK</subfield>
  </datafield>
</record>
